Hoàn thiện pháp luật về thương mại và hàng hải trong điều kiện Việt Nam hội nhập kinh tế (Sách chuyên khảo)

Đã lưu trong:
书目详细资料
主要作者: Nguyễn Thị Mơ
格式: 图书
语言:Undetermined
出版: Hà Nội CTQG 2002
主题:
标签: 添加标签
没有标签, 成为第一个标记此记录!
Thư viện lưu trữ: Trung tâm Học liệu Trường Đại học Cần Thơ
LEADER 00669nam a2200205Ia 4500
001 CTU_53531
008 210402s9999 xx 000 0 und d
020 |b 23000 
082 |a 346.07 
082 |b M460 
100 |a Nguyễn Thị Mơ 
245 0 |a Hoàn thiện pháp luật về thương mại và hàng hải trong điều kiện Việt Nam hội nhập kinh tế (Sách chuyên khảo) 
245 0 |c Nguyễn Thị Mơ 
260 |a Hà Nội 
260 |b CTQG 
260 |c 2002 
650 |a commercial law 
650 |z vietnam 
904 |i Trúc Phương 
980 |a Trung tâm Học liệu Trường Đại học Cần Thơ